Evaluación y propuesta de mejora en los métodos de llenado de rastra realizados al producto terminado en bodega interna del ingenio Monte Rosa, el Viejo Chinandega, zafra 2008 - 2009

El presente estudio fue elaborado en el Ingenio Monte Rosa, el Viejo, Chinandega, el cual se dedica a la producción de azúcar. Se presentan generalidades del proceso de producción de azúcar así como del proceso de producto terminado, misión, distribución del personal, descripción de una jorn...

Full description

Bibliographic Details
Main Authors: Acevedo Mendoza, Alejandra Tatiana, Nesóbey Bravo, Délfida
Other Authors: Tutor: Boza Castro, Freddy Antonio
Format: Tesis Section = Libro
Language:Undetermined
Spanish
Published: Managua UNI 2009
Subjects:
LEADER 01676nam a2200253Ia 4500
008 240830s9999 xx 000 0 und d
040 |a BIBLIOTECA-RUPAP Mon 658.542 A174 
041 |a spa 
082 |a Mon 658.542 A174 
100 1 |a Acevedo Mendoza, Alejandra Tatiana 
100 1 |b Nesóbey Bravo, Délfida 
245 1 0 |a Evaluación y propuesta de mejora en los métodos de llenado de rastra realizados al producto terminado en bodega interna del ingenio Monte Rosa, el Viejo Chinandega, zafra 2008 - 2009 
260 |a Managua  |b UNI  |c 2009 
300 |a 208 p. :il. 
502 |a Tesis (Ingeniero Industrial)- UNI, 2009. 
520 3 |a El presente estudio fue elaborado en el Ingenio Monte Rosa, el Viejo, Chinandega, el cual se dedica a la producción de azúcar. Se presentan generalidades del proceso de producción de azúcar así como del proceso de producto terminado, misión, distribución del personal, descripción de una jornada laboral, entre otros. Se desarrolló una metodología de diagnóstico industrial en las actividades que intervienen en el llenado de rastras, que consistió en un estudio de métodos y muestreo del trabajo para registrar los puntos críticos de la tarea, debido a que los métodos estudiados requieren de fuerza laboral en su totalidad, se realizó un análisis ergonómico que validara los métodos más convenientes a estandarizar. 
650 7 |a PROCESO DE PRODUCCION - ADMINISTRACION 
650 7 |b MÉTODO DE TRABAJO -PROCESO PRODUCTIVO 
650 7 |c ESTUDIO DE TIEMPOS 
650 7 |d ANÁLISIS ECONOMICO 
700 1 |a Tutor:  |b Boza Castro, Freddy Antonio 
942 |c BK  |2 ddc 
991 |a TESIS 
999 |c 17494